Elvis Presley LPs and EPs - Statistics

General Stats
  • This quiz has been taken 23 times
  • The average score is 32 of 77
Answer Stats
Answer Year % Correct
Love Me Tender 1956
100%
Elvis 1956
90%
Elvis Presley 1956
90%
Jailhouse Rock 1957
90%
King Creole 1958
90%
G.I. Blues 1960
80%
Loving You 1957
80%
Moody Blue 1977
80%
Blue Hawaii 1961
70%
It Happened at the World's Fair 1963
70%
Kissin' Cousins 1964
70%
Speedway 1968
70%
Viva Las Vegas 1964
70%
Clambake 1967
60%
Girl Happy 1965
60%
Girls! Girls! Girls! 1962
60%
Harum Scarum 1965
60%
Paradise, Hawaiian Style 1966
60%
Raised on Rock / For Ol' Times Sake 1973
60%
Spinout 1966
60%
That's the Way It Is 1970
60%
A Date With Elvis 1959
50%
Elvis' Christmas Album 1957
50%
Elvis (Fool) 1973
50%
Follow That Dream 1962
50%
From Elvis In Memphis 1969
50%
Fun In Acapulco 1963
50%
Good Times 1974
50%
Peace In The Valley 1957
50%
Roustabout 1964
50%
Today 1975
50%
Almost In Love 1970
40%
Double Trouble 1967
40%
Elvis for Everyone! 1965
40%
Elvis' Golden Records 1958
40%
Elvis Is Back! 1960
40%
Elvis Now 1972
40%
Elvis Sings Flaming Star 1968
40%
Frankie and Johnny 1966
40%
From Elvis Presley Boulevard, Memphis, Tennessee 1976
40%
He Touched Me 1972
40%
His Hand In Mine 1960
40%
How Great Thou Art 1967
40%
Kid Galahad 1962
40%
Let's Be Friends 1970
40%
Love Letters from Elvis 1971
40%
Pot Luck 1962
40%
Promised Land 1975
40%
Something for Everybody 1961
40%
Tickle Me 1965
40%
Aloha from Hawaii via Satellite 1973
30%
Back In Memphis 1969
30%
C'mon Everybody 1971
30%
Elvis Sings The Wonderful World of Christmas 1971
30%
For LP Fans Only 1959
30%
I Got Lucky 1971
30%
Separate Ways 1972
30%
Easy Come, Easy Go 1967
20%
Elvis' Golden Records Vol. 3 1963
20%
Elvis' Gold Records Vol. 4 1968
20%
Elvis In Person (Live) 1969
20%
On Stage 1970
20%
You'll Never Walk Alone 1971
20%
50,000,000 Elvis Fans Can't Be Wrong: Elvis' Gold Records Vol. 2 1959
10%
Elvis Country (I'm 10,000 Years Old) 1971
10%
Having Fun With Elvis on Stage 1974
10%
NBC-TV Special (Live) 1968
10%
The Sun Sessions 1976
10%
Welcome to My World 1977
10%
As Recorded at Madison Square Garden 1972
0%
Burning Love and Hits from His Movies, Volume 2 1972
0%
Elvis: A Legendary Performer Vol. 1 1974
0%
Elvis: A Legendary Performer Vol. 2 1976
0%
Elvis by Request: Flaming Star and 3 Other Great Songs 1961
0%
Elvis Recorded Live on Stage in Memphis 1974
0%
The Other Sides – Elvis Worldwide Gold Award Hits Vol. 2 1971
0%
Worldwide 50 Gold Award Hits Vol. 1 1970
0%
No matching quizzes found
Score Distribution
Percent of People with Each Score
Percentile by Number Answered
Your Score History
You have not taken this quiz